LEADER 01427nam0 2200325 i 450 001 SUN0054746 005 20180312120611.427 010 $a05-216-5302-9$d0.00 010 $a978-05-216-5378-7 100 $a20061023d1999 |0engc50 ba 101 $aeng 102 $aGB 105 $a|||| ||||| 200 1 $aPermutation groups$fPeter J. Cameron 210 $aCambridge$cCambridge university$d1999 215 $aX, 220 p.$d23 cm. 410 1$1001SUN0024217$12001 $aLondon Mathematical Society student texts$v45$1210 $aCambridge$cCambridge university. 606 $a20Bxx$xPermutation groups [MSC 2020]$2MF$3SUNC023866 620 $dCambridge$3SUNL000024 700 1$aCameron$b, Peter J.$3SUNV024276$040938 712 $aCambridge university$3SUNV000097$4650 790 1$aCameron, P.J.$zCameron, Peter J.$3SUNV060158 790 1$aCameron, Peter Jephson$zCameron, Peter J.$3SUNV024277 790 1$aCameron, P. J.$zCameron, Peter J.$3SUNV060159 801 $aIT$bSOL$c20200727$gRICA 856 4 $uhttps://books.google.it/books?id=4bNj8K1omGAC&pg=PR4&dq=0521653029&hl=it&sa=X&ved=0ahUKEwi7-qvn0ebZAhWFthQKHWMfASUQ6AEIJzAA#v=onepage&q&f=false$zPreview 912 $aSUN0054746 950 $aUFFICIO DI BIBLIOTECA DEL DIPARTIMENTO DI MATEMATICA E FISICA$d08PREST 20-XX 0691 $e08 4976 II 20061023 996 $aPermutation groups$9225784 997 $aUNICAMPANIA LEADER 00964nam0-2200289 --450 001 9910757301003321 005 20231123094542.0 010 $a978-88-921-3727-1 010 $a978-88-921-9287-4$beBook-PDF 020 $aIT$b2020-9724 100 $a20231123d2020----kmuy0itay5050 ba 101 0 $aita$cita 102 $aIT 105 $a 001yy 200 1 $aRilevazione e valutazione in bilancio delle operazioni di leasing$eproblematiche applicative dopo l'introduzione dell'IFRS16$fGrazia Dicuonzo 210 $aTorino$cGiappichelli$d2020 215 $aXV, 159 p.$d24 cm 225 1 $aStudi e ricerche di economia aziendale$v42 676 $a346.45047$v23$zita 700 1$aDicuonzo,$bGrazia$0740761 801 0$aIT$bUNINA$gREICAT$2UNIMARC 901 $aBK 912 $a9910757301003321 952 $aXV G1 233$b2021/1347$fFGBC 959 $aFGBC 996 $aRilevazione e valutazione in bilancio delle operazioni di leasing$91807428 997 $aUNINA